| 000 | 00928nas a2200313 4500 | ||
|---|---|---|---|
| 001 | BR2013000810 | ||
| 003 | BR-BrBNA | ||
| 005 | 20231205121858.0 | ||
| 007 | ta | ||
| 008 | 230509b bl.|||p| |||| 00| 00por d | ||
| 040 |
_aBR-BrBNA _bpor _cBiblioteca Nacional de Agricultura |
||
| 041 | _a(En) | ||
| 072 | _aL73 | ||
| 100 | 1 | _aFernandes, N.A. | |
| 100 | 1 | _aBorges, A.P.B. | |
| 100 | 1 | _aReis, E.C.C. | |
| 100 | 1 | _aSepúlveda, R.V. | |
| 100 | 1 | _aPontes, K.C. de S. | |
| 245 | 1 | _aPrevalence of periodontal disease in dogs and owners' level of awareness - a prospective clinical trial | |
| 650 | _aCÃO | ||
| 650 | _aDENTE | ||
| 650 | _aDOENÇA ANIMAL | ||
| 650 | _aDIAGNÓSTICO | ||
| 650 | _aEPIDEMIOLOGIA | ||
| 650 | _aMINAS GERAIS | ||
| 773 | 0 |
_tRevista Ceres (Brazil) _xISSN 0034-737X _g(Jul-Aug 2012), v. 59(4) p. 446-451 _wBR2013000810 |
|
| 909 |
_a202311 _bLúcia _c55 _dLúcia Elande |
||
| 942 |
_2AGRIS _n0 _cANA |
||
| 999 |
_c225719 _d225719 |
||